• 首页
  • 本馆介绍
  • 公告通知
  • 最新文献
  • 馆藏检索
  • 电子资源
  • 读者导购
  • 参考咨询
  • 我的图书馆
  • 登录
  • 详细信息显示
  • 放入我的书架
  • 预约/预借图书
  • 作者相关作品
  • 分类相关作品
  • 丛书相关作品
  • 出版社相关作品

书目信息

  • 表格格式
  • 工作单格式
  • 卡片格式
题名:
现在为什么要读《旧制度与大革命》
    
 
作者: 皇甫中 主编
分册:  
出版信息: 北京   红旗出版社  2013
页数: 197页
开本: 24cm
丛书名:
单 册:
中图分类: K565.41
科图分类:
主题词: 法国大革命--研究 , 史评--法国--近代
电子资源:
ISBN: 978-7-5051-2540-7
000 00847nam0 2200241 450
001 2459645944
005 20240112093017.52
010    @a978-7-5051-2540-7@dCNY28.00
100    @a20130220d2013 em y0chiy50 ea
101 0  @achi
102    @aCN@b110000
105    @ay z 000yy
200 1  @a现在为什么要读《旧制度与大革命》@Axian zai wei shen me yao du 《jiu zhi du yu da ge ming 》@f皇甫中主编
210    @a北京@c红旗出版社@d2013
215    @a197页@d24cm
330    @a本书共分为三编, 主要内容包括: 文本: 解析《旧制度与大革命》; 肖像: 《托克维尔笔下的法国大革命》; 反思: 《旧制度与大革命》与中国现实等。
516 1  @a为什么要读《旧制度与大革命》
606 0  @a法国大革命@x研究
606 0  @a史评@y法国@z近代
690    @aK565.41@v5
701  0 @a皇甫中@Ahuang fu zhong@4主编
801  0 @aCN@b湖北三新@c20130309
905    @aZUCC@dK565.41@e10
    
    现在为什么要读《旧制度与大革命》/皇甫中主编.-北京:红旗出版社,2013
    197页;24cm
    
    
    ISBN 978-7-5051-2540-7:CNY28.00
    本书共分为三编, 主要内容包括: 文本: 解析《旧制度与大革命》; 肖像: 《托克维尔笔下的法国大革命》; 反思: 《旧制度与大革命》与中国现实等。
●
相关链接 在五车中查询图书 在当当中查询图书 在豆瓣中查询图书


正题名:现在为什么要读《旧制度与大革命》     索取号:K565.41/10         预约/预借

序号 登录号 条形码 馆藏地/架位号 状态 备注
1 2001735633   2001735633   第四书库/四19架A面3层3列/ [索取号:K565.41/10] 在馆    
2 2001735634   2001735634   第四书库/四19架A面3层3列/ [索取号:K565.41/10] 在馆    
3 2001735635   2001735635   第四书库/四19架A面3层3列/ [索取号:K565.41/10] 在馆    
4 2001735636   2001735636   第四书库/四19架A面3层3列/ [索取号:K565.41/10] 在馆    
5 2001735637   2001735637   第四书库/四19架A面3层3列/ [索取号:K565.41/10] 在馆    
6 2001735638   2001735638   第四书库/四19架A面3层3列/ [索取号:K565.41/10] 在馆    
7 2001735639   2001735639   315书库/ [索取号:K565.41/10] 在馆    
8 2001735640   2001735640   315书库/ [索取号:K565.41/10] 在馆    
9 2001735641   2001735641   315书库/ [索取号:K565.41/10] 在馆    
10 2001735642   2001735642   315书库/ [索取号:K565.41/10] 在馆    
11 2001735643   2001735643   315书库/ [索取号:K565.41/10] 在馆    
12 2001735644   2001735644   315书库/ [索取号:K565.41/10] 在馆    
13 2001735645   2001735645   第四书库/四19架A面3层3列/ [索取号:K565.41/10] 在馆    
14 2001735646   2001735646   第四书库/四19架A面3层3列/ [索取号:K565.41/10] 在馆    
15 2001735647   2001735647   第四书库/四19架A面3层3列/ [索取号:K565.41/10] 在馆    
16 2001735648   2001735648   培训中心一楼图书角/四19架A面3层3列/ [索取号:K565.41/10] 在馆    
17 2001735649   2001735649   509书库/ [索取号:K565.41/10] 在馆    
18 2001735650   2001735650   509书库/ [索取号:K565.41/10] 在馆    
19 2001735651   2001735651   509书库/ [索取号:K565.41/10] 在馆    
20 2001735652   2001735652   509书库/ [索取号:K565.41/10] 在馆    
21 2001735653   2001735653   509书库/ [索取号:K565.41/10] 在馆    
22 2001735654   2001735654   509书库/ [索取号:K565.41/10] 在馆    
23 2001735655   2001735655   培训中心一楼图书角/四19架A面3层3列/ [索取号:K565.41/10] 在馆    
24 2001735656   2001735656   培训中心一楼图书角/四19架A面3层3列/ [索取号:K565.41/10] 在馆    
25 2001735657   2001735657   第四书库/四19架A面3层3列/ [索取号:K565.41/10] 在馆    
26 2001735658   2001735658   第四书库/四19架A面3层3列/ [索取号:K565.41/10] 在馆    
27 2001735659   2001735659   第四书库/四19架A面3层3列/ [索取号:K565.41/10] 在馆    
28 2001735660   2001735660   第四书库/四19架A面3层3列/ [索取号:K565.41/10] 在馆    
山东省滨州职业学院图书馆 欢迎您!
大连网信软件有限公司© 版权所有